Evaluación de la producción de biogás por medio de la biodigestión anaerobia semicontinua utilizando residuos del beneficiado del café como sustrato

Na minha lista:
Detalhes bibliográficos
Autor principal: Rojas Sossa, Juan Pablo
Formato: Livro
Idioma:Spanish
Publicado em: [San José], Costa Rica 2015
Assuntos:
Tags: Adicionar Tag
Sem tags, seja o primeiro a adicionar uma tag!

MARC

LEADER 00000nam a22000007a 4500
003 012302
005 20230315075754.0
008 151123b2015 cr a|||| |||| 00| 0 spa d
040 |c cru CEDI 
100 |9 2341  |a Rojas Sossa, Juan Pablo 
245 |a Evaluación de la producción de biogás por medio de la biodigestión anaerobia semicontinua utilizando residuos del beneficiado del café como sustrato  
260 |a  [San José], Costa Rica  |c 2015 
500 |a Proyecto de graduación (licenciatura en ingeniería civil)--Universidad de Costa Rica. Facultad de Ingeniería. Escuela de Ingeniería Civil 
650 |x BIOGAS  |x PULPA DE CAFE - INVESTIGACIONES  |x DIGESTION ANAEROBIA  |x APROVECHAMIENTO DE RESIDUOS  |9 2342 
942 |c CEDI  |h TFG 7466  |6 TFG_7466_000000000000000 
999 |c 15746  |d 15746